Aquaculture: Enhancing Food Security and Nutrition/ (Record no. 757514)

MARC details
000 -LEADER
fixed length control field 00414nam a22001337a 4500
020 ## - INTERNATIONAL STANDARD BOOK NUMBER
ISBN 978-3-031-92857-4
082 ## - DEWEY DECIMAL CLASSIFICATION NUMBER
Classification number 639.31AHM/A
245 ## - TITLE STATEMENT
Title Aquaculture: Enhancing Food Security and Nutrition/
Statement of responsibility, etc ed by Imtiaz Ahmed and Ishtiyaq Ahmad
260 ## - PUBLICATION, DISTRIBUTION, ETC. (IMPRINT)
Place of publication .-Switzerland
Name of publisher :Springer Nature
Year of publication ,2025
300 ## - PHYSICAL DESCRIPTION
Number of Pages 495p
700 ## - ADDED ENTRY--PERSONAL NAME
Personal name Ahmed,Imtiaz and Ahmad,Ishtyaq ed
942 ## - ADDED ENTRY ELEMENTS (KOHA)
Source of classification or shelving scheme Dewey Decimal Classification
Koha item type Book
Holdings
Withdrawn status Lost status Source of classification or shelving scheme Damaged status Not for loan Home Library Current Location Shelving location Date acquired Source of acquisition Full call number Accession Number Price effective from Koha item type
    Dewey Decimal Classification   Not For Loan Dept. of Aquatic Biology and Fisheries Dept. of Aquatic Biology and Fisheries Reference 06/03/2026 SBST/116 639.31AHM/A AQU6636 11/03/2026 Book